|
|
|
|
| LEADER |
01191nam a2200265 a 4500 |
| 001 |
2612619 |
| 008 |
091210s1998 ii b b 001 0 eng d |
| 010 |
|
|
|a 97913641
|
| 020 |
|
|
|a 8170950678
|
| 020 |
|
|
|a 9840514547
|
| 040 |
|
|
|a DLC
|c DLC
|d BD-DhAAL
|
| 082 |
0 |
0 |
|a 305.8/00954
|2 21
|
| 100 |
1 |
|
|a Haque, Mahfuzul.
|
| 245 |
1 |
0 |
|a Ethnic insurgency and national integration :
|b a study of selected ethnic problems in South Asia /
|c Mahfuzul Haque.
|
| 260 |
|
|
|a New Delhi, India ;
|a Dhaka :
|b The University Press Limited,
|c 1998.
|
| 300 |
|
|
|a xvii, 249 p. :
|b maps ;
|c 22 cm.
|
| 504 |
|
|
|a Includes bibliographical references (p. [211]-241) and index.
|
| 541 |
1 |
|
|e 00006533
|
| 650 |
|
0 |
|a Ethnicity
|z South Asia.
|
| 650 |
|
0 |
|a Nationalism
|z South Asia.
|
| 651 |
|
0 |
|a South Asia
|x Ethnic relations.
|
| 852 |
4 |
|
|a Ayesha Abed Library
|j General Shelf.
|
| 999 |
|
|
|c 6168
|d 6168
|
| 952 |
|
|
|0 0
|1 0
|2 ddc
|4 0
|6 305_800954000000000_HAQ_1998
|7 0
|9 6171
|a BRACUL
|b BRACUL
|c GEN
|d 2009-12-17
|g 425.00
|l 3
|m 58
|o 305.800954 HAQ
|p 3010006533
|r 2025-07-02
|s 2024-11-21
|t 1
|w 2009-12-17
|y BK
|
| 952 |
|
|
|0 0
|1 0
|2 ddc
|4 0
|6 305_800954000000000_HAQ
|7 0
|9 24261
|a SCL
|b SCL
|c GEN
|d 1998-11-23
|l 0
|o 305.800954 HAQ
|p 3020000995
|r 2014-04-28
|t 2
|w 2014-04-28
|y BK
|